Score 0/16 Timer 03:00
1 Play Today
Phrase Fruit % Correct
An _____ a day keeps the doctor awayApple
98.3%
James and the Giant _____Peach
94.7%
__________ ShortcakeStrawberry
94.5%
_____ Meringue PieLemon
93.6%
A Clockwork ______Orange
93.3%
The ______ of WrathGrapes
88.4%
Who lives in a _________ under the sea?Pineapple
82.8%
Day-O (The ______ Boat Song)Banana
82.1%
Phrase Fruit % Correct
Coca-Cola ______Cherry
79.6%
___ NewtonFig
78.6%
Professor ____Plum
77.2%
My Darling __________Clementine
56.5%
Golden _________ AwardsRaspberry
55.5%
__________ MessengerBlackBerry
37.9%
__________ LeagueGrapefruit
36.4%
Dr. Bunsen ________Honeydew
20.4%

Today's Daily Dose

Remove Ads.
Support Sporcle.
Get the best of Sporcle when you Go Orange. This ad-free experience offers more features, more stats, and more fun while also helping to support Sporcle. Thank you for becoming a member.

You're not logged in!

Compare scores with friends on all Sporcle quizzes.
OR
Log In

Show Comments

Extras

Top Quizzes Today


Score Distribution

Your Account Isn't Verified!

In order to create a playlist on Sporcle, you need to verify the email address you used during registration. Go to your Sporcle Settings to finish the process.

Report this User

Report this user for behavior that violates our Community Guidelines.

Details: